[Event "Obert Figueres Miquel Mas 2012"]
[Site "Figueres ESP"]
[Date "2012.08.16"]
[Round "9.4"]
[White "Roy Chowdhury, Saptarshi"]
[Black "Vishnu, Prasanna  V"]
[Result "1/2-1/2"]
[WhiteElo "2391"]
[BlackElo "2435"]
[PlyCount "74"]
[EventDate "2012.08.09"]
[EventType "swiss"]
[EventRounds "9"]
[EventCountry "ESP"]
[Source "lmi"]
[SourceDate "2012.08.09"]

1. e4 c5 2. Nf3 d6 3. Bc4 Nf6 4. d3 Nc6 5. h3 a6 6. a4 e6 7. Bb3 d5 8. Nbd2 b6
9. O-O Be7 10. c3 Bb7 11. Re1 Qc7 12. Nf1 dxe4 13. dxe4 Nd7 14. Qe2 O-O 15. Bc2
Nde5 16. Nxe5 Nxe5 17. Bf4 Bd6 18. Bg3 c4 19. Ne3 b5 20. Red1 Rad8 21. axb5
axb5 22. Ra7 f6 23. Ng4 Qb6 24. Bxe5 fxe5 25. Raa1 Rc8 26. Qe3 Bc5 27. Qg5
Bxf2+ 28. Kh1 Qc7 29. Nxe5 h6 30. Qh5 Bg3 31. Ng4 Qf4 32. Qg6 Ra8 33. Rxa8 Bxa8
34. Nxh6+ Kh8 35. Nf7+ Kg8 36. Nh6+ Kh8 37. Nf7+ Kg8 1/2-1/2

[Event "Obert Figueres Miquel Mas 2012"]
[Site "Figueres ESP"]
[Date "2012.08.16"]
[Round "9.5"]
[White "Ramiro Ovejero, Juan L"]
[Black "Das, Arghyadip"]
[Result "1/2-1/2"]
[WhiteElo "2349"]
[BlackElo "2479"]
[PlyCount "45"]
[EventDate "2012.08.09"]
[EventType "swiss"]
[EventRounds "9"]
[EventCountry "ESP"]
[Source "lmi"]
[SourceDate "2012.08.09"]

1. e4 c5 2. Nf3 e6 3. c4 a6 4. Nc3 d6 5. d4 cxd4 6. Nxd4 Nf6 7. Be2 Be7 8. O-O
Qc7 9. Be3 b6 10. Qd2 Bb7 11. f3 Nbd7 12. Rac1 O-O 13. a3 Rac8 14. b4 Qb8 15.
Kh1 Bd8 16. Rc2 Bc7 17. Bg1 Kh8 18. a4 Qa8 19. Nb3 Ne5 20. Ra1 Rfd8 21. Qe1 Nc6
22. Nb5 axb5 23. axb5 1/2-1/2

[Event "Obert Figueres Miquel Mas 2012"]
[Site "Figueres ESP"]
[Date "2012.08.16"]
[Round "9.6"]
[White "Garbisu De Goñi, Unai"]
[Black "Antoli Royo, Joaquin Miguel"]
[Result "1/2-1/2"]
[WhiteElo "2461"]
[BlackElo "2398"]
[PlyCount "34"]
[EventDate "2012.08.09"]
[EventType "swiss"]
[EventRounds "9"]
[EventCountry "ESP"]
[Source "lmi"]
[SourceDate "2012.08.09"]

1. e4 c5 2. Nf3 Nc6 3. d4 cxd4 4. Nxd4 Nf6 5. Nc3 d6 6. f3 e5 7. Nb3 Be7 8. Be3
O-O 9. Qd2 a5 10. Bb5 Na7 11. Be2 Nc6 12. Bb5 Na7 13. Be2 Be6 14. O-O Nc8 15.
Bb5 Na7 16. Be2 Nc8 17. Bb5 Na7 1/2-1/2

[Event "Obert Figueres Miquel Mas 2012"]
[Site "Figueres ESP"]
[Date "2012.08.16"]
[Round "9.7"]
[White "Dourerassou, Jonathan"]
[Black "Serra Pages, Jordi"]
[Result "1-0"]
[WhiteElo "2460"]
[BlackElo "2224"]
[PlyCount "57"]
[EventDate "2012.08.09"]
[EventType "swiss"]
[EventRounds "9"]
[EventCountry "ESP"]
[Source "lmi"]
[SourceDate "2012.08.09"]

1. e4 e5 2. Nf3 Nc6 3. Bc4 Nf6 4. d3 Be7 5. Nc3 d6 6. a3 O-O 7. h3 Bd7 8. Be3
Qc8 9. Qd2 Be6 10. g4 a6 11. g5 Nh5 12. O-O-O Bxc4 13. dxc4 Re8 14. Nd5 Bf8 15.
Nh2 Ne7 16. Ng4 Nxd5 17. cxd5 c5 18. Rdg1 Kh8 19. Qe2 f5 20. gxf6 Nxf6 21. Nxf6
gxf6 22. Qh5 Qd7 23. Rg4 Re7 24. Qh4 Bg7 25. Rhg1 Rf8 26. Kb1 Ref7 27. Qg3 Rg8
28. Rh4 Rgf8 29. Qg6 1-0

[Event "Obert Figueres Miquel Mas 2012"]
[Site "Figueres ESP"]
[Date "2012.08.16"]
[Round "9.9"]
[White "Sorroche Martin, Jose Maria"]
[Black "Forcen Esteban, Daniel"]
[Result "1/2-1/2"]
[WhiteElo "2164"]
[BlackElo "2440"]
[PlyCount "35"]
[EventDate "2012.08.09"]
[EventType "swiss"]
[EventRounds "9"]
[EventCountry "ESP"]
[Source "lmi"]
[SourceDate "2012.08.09"]

1. c4 c5 2. Nf3 Nc6 3. d4 cxd4 4. Nxd4 Nf6 5. Nc3 Qb6 6. Nb3 e6 7. a3 d5 8. Be3
Qd8 9. cxd5 exd5 10. g3 Be6 11. Bg2 Be7 12. O-O O-O 13. Nd4 Rc8 14. Rc1 Ng4 15.
Nxe6 fxe6 16. Bf4 Nge5 17. Bh3 Kf7 18. Nxd5 1/2-1/2

[Event "Obert Figueres Miquel Mas 2012"]
[Site "Figueres ESP"]
[Date "2012.08.16"]
[Round "9.10"]
[White "Guilleux, Fabien"]
[Black "Llerins Bonet, Ricardo"]
[Result "1-0"]
[WhiteElo "2439"]
[BlackElo "2111"]
[PlyCount "66"]
[EventDate "2012.08.09"]
[EventType "swiss"]
[EventRounds "9"]
[EventCountry "ESP"]
[Source "lmi"]
[SourceDate "2012.08.09"]

1. Nf3 Nf6 2. c4 g6 3. Nc3 d5 4. Qa4+ c6 5. cxd5 Nxd5 6. Qd4 Nf6 7. Qxd8+ Kxd8
8. d4 Bg7 9. e4 h6 10. Bf4 Be6 11. O-O-O Nh5 12. Be5 f6 13. d5 fxe5 14. dxe6+
Kc7 15. g3 Rf8 16. Nh4 Rxf2 17. Be2 Bf6 18. Bxh5 gxh5 19. Nf5 Na6 20. Na4 Rd8
21. Rxd8 Kxd8 22. Rd1+ Kc8 23. Rd7 Bg5+ 24. Kb1 Rxh2 25. Nxe7+ Bxe7 26. Rxe7
Rg2 27. Rh7 Kd8 28. Rxh6 Rxg3 29. Rxh5 b5 30. Nc3 Ke7 31. Rxe5 Nc7 32. Rh5 Nxe6
33. Rh7+ Ng7 1-0

[Event "Obert Figueres Miquel Mas 2012"]
[Site "Figueres ESP"]
[Date "2012.08.16"]
[Round "9.11"]
[White "Cuadras Avellana, Jordi"]
[Black "Juan Bartroli, Pau"]
[Result "1/2-1/2"]
[WhiteElo "2344"]
[BlackElo "2024"]
[PlyCount "143"]
[EventDate "2012.08.09"]
[EventType "swiss"]
[EventRounds "9"]
[EventCountry "ESP"]
[Source "lmi"]
[SourceDate "2012.08.09"]

1. e4 c6 2. d4 d5 3. exd5 cxd5 4. c4 Nf6 5. Nc3 e6 6. Nf3 Bb4 7. Bd3 dxc4 8.
Bxc4 O-O 9. O-O a6 10. Qe2 Nbd7 11. Bg5 b5 12. Bb3 Re8 13. Ne5 Qb6 14. Rad1 Bb7
15. Rd3 Be7 16. Rfd1 Rad8 17. Rg3 Nxe5 18. dxe5 Rxd1+ 19. Qxd1 Ne4 20. Nxe4
Bxe4 21. Bxe7 Rxe7 22. Qg4 Bg6 23. h4 h5 24. Qg5 Qd8 25. Bc2 Rd7 26. Bxg6 Qxg5
27. Rxg5 fxg6 28. Rxg6 Kf7 29. Rg3 Rd1+ 30. Kh2 Rd2 31. f4 b4 32. Rb3 a5 33. a3
Rd4 34. axb4 a4 35. Rf3 Rxb4 36. Rf2 Kg6 37. g3 Kf5 38. Kh3 Ke4 39. Rd2 Kf3 40.
Rc2 Rd4 41. Rc3+ Kf2 42. Rc7 Rd1 43. Rc2+ Kf3 44. Rc3+ Kf2 45. Kh2 Rd2 46. Rc4
Ke3+ 47. Kh3 Rd1 48. Rc3+ Ke2 49. Kh2 Rd2 50. Ra3 Rd4 51. b3 axb3 52. Rxb3 Rd2
53. Kh3 Rd1 54. Kh2 Rd2 55. Rb1 Rc2 56. Kh3 Rc3 57. Rb2+ Kf3 58. Ra2 Re3 59.
Rb2 Rc3 60. Ra2 Re3 61. Ra1 Kf2 62. Kh2 Re2 63. Ra3 Rb2 64. g4 g6 65. gxh5 gxh5
66. Rg3 Rb4 67. Rg6 Kf3 68. Rxe6 Rb2+ 69. Kh3 Rb1 70. Kh2 Rb2+ 71. Kh3 Rb1 72.
Kh2 1/2-1/2

[Event "Obert Figueres Miquel Mas 2012"]
[Site "Figueres ESP"]
[Date "2012.08.16"]
[Round "9.14"]
[White "Dalo, Hermes"]
[Black "Vilar, Lopez Monica"]
[Result "1-0"]
[WhiteElo "2130"]
[BlackElo "2154"]
[PlyCount "109"]
[EventDate "2012.08.09"]
[EventType "swiss"]
[EventRounds "9"]
[EventCountry "ESP"]
[Source "lmi"]
[SourceDate "2012.08.09"]

1. e4 e6 2. d3 d5 3. Nd2 c5 4. g3 Nc6 5. Bg2 g6 6. Ngf3 Bg7 7. O-O Nge7 8. Re1
O-O 9. h4 h5 10. e5 Qc7 11. Qe2 Nf5 12. c3 Bd7 13. Nf1 b5 14. Bf4 Rab8 15. N1h2
Rbe8 16. Qd2 Qd8 17. d4 cxd4 18. cxd4 Qb6 19. Red1 f6 20. g4 fxe5 21. dxe5 hxg4
22. Nxg4 Rc8 23. Bh2 Qd8 24. Qg5 Qxg5 25. hxg5 Kf7 26. Nf6 Rc7 27. Rac1 Rfc8
28. Rc3 b4 29. Rc5 Bf8 30. Rc2 b3 31. axb3 Nb4 32. Rxc7 Rxc7 33. Bf4 Bb5 34.
Ne1 a5 35. Nxd5 Nxd5 36. Bxd5 exd5 37. e6+ Kxe6 38. Bxc7 a4 39. bxa4 Bxa4 40.
Ra1 Bb5 41. Ng2 Bd6 42. Bxd6 Kxd6 43. Nf4 Nh4 44. Kh2 Nf3+ 45. Kg3 Nxg5 46.
Nxg6 Ne4+ 47. Kf3 Nd2+ 48. Ke3 Nb3 49. Rd1 Bc4 50. Nh4 Nc5 51. Nf5+ Ke5 52. Nd4
Nd7 53. f4+ Kf6 54. b3 Ba6 55. Ra1 1-0